[Event "XXIX Miedzynarodowy Festiwal Szachowy CRACOVIA-2018 Grupa A"]
[Site "Krakow, Hotel Galaxy, ul. Gesia 22a"]
[Date "2019.01.04"]
[Round "9.27"]
[White "Toma, Katarzyna"]
[Black "Czerw, Dawid"]
[Result "1/2-1/2"]
[WhiteElo "2173"]
[BlackElo "2275"]
[PlyCount "64"]
[EventDate "2019.??.??"]

1. e4 e6 2. d4 d5 3. Nc3 Bb4 4. exd5 exd5 5. Bd3 Nc6 6. Nge2 Nge7 7. O-O Bg4 8.
f3 Bf5 9. a3 Ba5 10. Be3 O-O 11. Bf2 Re8 12. Nf4 Bxc3 13. bxc3 Na5 14. Re1 Qd7
15. Rb1 c6 16. a4 Rad8 17. Bh4 f6 18. g4 Bxd3 19. cxd3 Ng6 20. Nxg6 hxg6 21.
Qd2 g5 22. Bg3 b6 23. Kg2 Rxe1 24. Rxe1 Re8 25. Kf2 Nb7 26. Rxe8+ Qxe8 27. Qe3
Qxe3+ 28. Kxe3 b5 29. axb5 cxb5 30. Kd2 Na5 31. Bd6 Kf7 32. Kc2 Ke6 1/2-1/2

[Event "XXIX Miedzynarodowy Festiwal Szachowy CRACOVIA-2018 Grupa A"]
[Site "Krakow, Hotel Galaxy, ul. Gesia 22a"]
[Date "2019.01.04"]
[Round "9.33"]
[White "Goluch, Piotr"]
[Black "Zherebtsova, Alexandra"]
[Result "0-1"]
[WhiteElo "2273"]
[BlackElo "2186"]
[Annotator "Leszek"]
[PlyCount "63"]
[EventDate "2019.??.??"]

1. d4 d5 2. c4 c6 3. Nf3 Nf6 4. e3 e6 5. b3 Nbd7 6. Bd3 Ne4 7. O-O f5 8. Qc2
Bd6 9. Bb2 Qf6 10. Nbd2 g5 11. Rab1 g4 12. Bxe4 fxe4 13. Ne5 Rg8 14. Rfd1 Nxe5
15. dxe5 Bxe5 16. Bxe5 Qxe5 17. b4 Bd7 18. Nb3 Rg6 19. Nc5 Rh6 20. b5 Qxh2+ 21.
Kf1 Qh1+ 22. Ke2 Qxg2 23. Rf1 Qf3+ 24. Kd2 Rh2 25. Kc3 g3 26. Nxd7 Rxf2 27.
Rxf2 gxf2 28. bxc6 bxc6 29. Kd4 f1=Q 30. Rxf1 Qxf1 31. Qb2 Qxc4+ 32. Ke5 {
Zapis nieczytelny} 0-1

[Event "XXIX Miedzynarodowy Festiwal Szachowy CRACOVIA-2018 Grupa A"]
[Site "Krakow, Hotel Galaxy, ul. Gesia 22a"]
[Date "2019.01.04"]
[Round "9.34"]
[White "Kucharska, Honorata"]
[Black "Zochowski, Kacper"]
[Result "0-1"]
[WhiteElo "2177"]
[BlackElo "2271"]
[PlyCount "70"]
[EventDate "2019.??.??"]

1. e4 d6 2. d4 Nf6 3. Nc3 e5 4. Nf3 exd4 5. Nxd4 Be7 6. Bc4 O-O 7. O-O Nc6 8.
Nxc6 bxc6 9. Re1 Nd7 10. f4 Bf6 11. Ne2 Bb7 12. Bb3 Re8 13. Ng3 Nc5 14. c3 Nxb3
15. Qxb3 Rb8 16. Be3 c5 17. Qa4 Bh4 18. Bf2 Ba8 19. Re2 Qc8 20. Rae1 Qb7 21.
Qd7 Re6 22. Nf5 Rd8 23. Qa4 Bxf2+ 24. Kxf2 g6 25. Nh6+ Kg7 26. f5 Ree8 27. f6+
Kxh6 28. Re3 Re6 29. Rh3+ Kg5 30. Rf3 Qxb2+ 31. Kg1 Rxe4 32. h4+ Kh6 33. Rxe4
Qb1+ 34. Kh2 Qxe4 35. Qa3 Qe8 0-1

[Event "XXIX Miedzynarodowy Festiwal Szachowy CRACOVIA-2018 Grupa A"]
[Site "Krakow, Hotel Galaxy, ul. Gesia 22a"]
[Date "2019.01.04"]
[Round "9.36"]
[White "Den Boer, Lennard"]
[Black "Krallis, Christos"]
[Result "1/2-1/2"]
[Annotator "Leszek"]
[PlyCount "22"]
[EventDate "2019.??.??"]

{[BlackTitle ""] [WhiteElo "2173"] [BlackElo "2261"]} 1. e4 c5 2. c3 g6 3. d4
cxd4 4. cxd4 d5 5. Nc3 dxe4 6. Bc4 Bg7 7. Qb3 e6 8. d5 Bxc3+ 9. bxc3 Ne7 10.
dxe6 Bxe6 11. Bxe6 fxe6 1/2-1/2

[Event "XXIX Miedzynarodowy Festiwal Szachowy CRACOVIA-2018 Grupa A"]
[Site "Krakow, Hotel Galaxy, ul. Gesia 22a"]
[Date "2019.01.04"]
[Round "9.41"]
[White "Ustinov, Alexey"]
[Black "Om, Kharola"]
[Result "0-1"]
[Annotator "Leszek"]
[PlyCount "42"]
[EventDate "2019.??.??"]

{[BlackTitle ""] [WhiteElo "2232"] [BlackElo "2080"]} 1. d4 d5 2. c4 e6 3. g3
Nf6 4. Bg2 Be7 5. Nf3 O-O 6. O-O dxc4 7. Ne5 c5 8. dxc5 Qc7 9. Nxc4 Bxc5 10.
Nc3 Bxf2+ 11. Rxf2 Qxc4 12. Rxf6 gxf6 13. Bh6 Re8 14. e4 Qc5+ 15. Kh1 Kh8 16.
Rc1 Nc6 17. Qg4 Rg8 18. Qh4 Qe7 19. Rd1 Ne5 20. Rf1 Bd7 21. Rxf6 Rg4 0-1

[Event "XXIX Miedzynarodowy Festiwal Szachowy CRACOVIA-2018 Grupa A"]
[Site "Krakow, Hotel Galaxy, ul. Gesia 22a"]
[Date "2019.01.04"]
[Round "9.44"]
[White "Skawinski, Arkadiusz"]
[Black "Luba, Lukasz"]
[Result "1-0"]
[WhiteElo "2419"]
[BlackElo "2135"]
[PlyCount "77"]
[EventDate "2019.??.??"]

1. e4 d6 2. d4 Nd7 3. Nf3 e6 4. Nc3 h6 5. Bc4 Nb6 6. Bb3 d5 7. Qe2 c6 8. O-O
Nf6 9. e5 Nfd7 10. a4 a5 11. Nd1 Be7 12. c3 Nf8 13. Ne3 Nbd7 14. Bc2 b6 15. Bd3
c5 16. b3 Qc7 17. Bb2 Bb7 18. Rfe1 Ng6 19. g3 h5 20. h4 Ngf8 21. Rac1 g5 22.
Nxg5 Bxg5 23. hxg5 h4 24. Ng4 O-O-O 25. Nh6 hxg3 26. fxg3 f5 27. Nf7 Rh7 28.
Nxd8 Qxd8 29. Qe3 c4 30. Bc2 Ng6 31. Kg2 Ndxe5 32. Rh1 Rf7 33. Rcf1 f4 34. Rxf4
Qxg5 35. Bxg6 Rxf4 36. Qxf4 Qxg6 37. Rh8+ Kd7 38. Qxe5 Qd3 39. Ba3 1-0

[Event "XXIX Miedzynarodowy Festiwal Szachowy CRACOVIA-2018 Grupa A"]
[Site "Krakow, Hotel Galaxy, ul. Gesia 22a"]
[Date "2019.01.04"]
[Round "9.46"]
[White "Englert, Jan"]
[Black "Jaroch, Karol"]
[Result "0-1"]
[Annotator "Leszek"]
[PlyCount "52"]
[EventDate "2019.??.??"]

{[BlackTitle "m"] [WhiteElo "2106"] [BlackElo "2259"]} 1. c4 e6 2. Nf3 Nf6 3.
Nc3 Bb4 4. d3 O-O 5. Bd2 d5 6. cxd5 exd5 7. e3 c5 8. d4 Nc6 9. Be2 c4 10. O-O
Re8 11. Qc2 g6 12. b3 Bxc3 13. Bxc3 b5 14. bxc4 Bf5 15. Bd3 Bxd3 16. Qxd3 dxc4
17. Qd2 Ne4 18. Qe1 a5 19. a3 Qd5 20. Rb1 b4 21. axb4 Nxc3 22. Qxc3 axb4 23.
Qc1 c3 24. Qc2 Ra2 25. Qb3 Qxb3 26. Rxb3 Rb8 0-1

[Event "XXIX Miedzynarodowy Festiwal Szachowy CRACOVIA-2018 Grupa A"]
[Site "Krakow, Hotel Galaxy, ul. Gesia 22a"]
[Date "2019.01.04"]
[Round "9.48"]
[White "Kasperek, Ryszard"]
[Black "Jijo, Joy"]
[Result "1/2-1/2"]
[Annotator "Leszek"]
[PlyCount "29"]
[EventDate "2019.??.??"]

{[WhiteElo "2212"] [BlackElo "1940"]} 1. e4 e5 2. Nf3 Nf6 3. d3 Nc6 4. Nbd2 Bc5
5. Be2 O-O 6. O-O d5 7. c3 a5 8. b3 Bg4 9. a3 dxe4 10. dxe4 Bxf3 11. Bxf3 Qd3
12. Bb2 Rad8 13. Nc4 b5 14. Qxd3 Rxd3 15. Ne3 {Zapis nieczytelny} 1/2-1/2

[Event "XXIX Miedzynarodowy Festiwal Szachowy CRACOVIA-2018 Grupa A"]
[Site "Krakow, Hotel Galaxy, ul. Gesia 22a"]
[Date "2019.01.04"]
[Round "9.49"]
[White "Marusenko, Petr"]
[Black "Pawlowski, Bartosz"]
[Result "1/2-1/2"]
[WhiteElo "2163"]
[BlackElo "2101"]
[PlyCount "54"]
[EventDate "2019.??.??"]

1. d4 Nf6 2. c4 e6 3. Nc3 Bb4 4. e3 b6 5. Nge2 Ba6 6. a3 Be7 7. Nf4 d5 8. cxd5
Bxf1 9. Kxf1 exd5 10. g4 g5 11. Nd3 c6 12. Bd2 Qd6 13. Qf3 Qe6 14. h3 Ne4 15.
Be1 Nd7 16. Qe2 f5 17. gxf5 Qxf5 18. Qh5+ Kd8 19. Qg4 Rf8 20. Qxf5 Rxf5 21.
Nxe4 dxe4 22. Nb4 Bxb4 23. Bxb4 Kc7 24. a4 a5 25. Ba3 Nf6 26. Ke2 Nd5 27. Rhg1
b5 1/2-1/2

[Event "XXIX Miedzynarodowy Festiwal Szachowy CRACOVIA-2018 Grupa A"]
[Site "Krakow, Hotel Galaxy, ul. Gesia 22a"]
[Date "2019.01.04"]
[Round "9.51"]
[White "Szczurek, Krzysztof"]
[Black "Milikow, Elie"]
[Result "1/2-1/2"]
[Annotator "Leszek"]
[PlyCount "52"]
[EventDate "2019.??.??"]

{[WhiteElo "2212"] [BlackElo "2083"]} 1. e4 c5 2. c3 d5 3. exd5 Qxd5 4. d4 Nf6
5. Nf3 e6 6. Be2 Nc6 7. O-O cxd4 8. cxd4 Be7 9. Nc3 Qd6 10. a3 O-O 11. Be3 b6
12. h3 Bb7 13. Rc1 Rfd8 14. Qc2 Rac8 15. Qb1 Nd5 16. Bd3 g6 17. Nxd5 Qxd5 18.
Be4 Qd6 19. Rfd1 Na5 20. Bxb7 Nxb7 21. Qe4 Qd5 22. Qxd5 exd5 23. Ne5 Na5 24.
Kf1 Kg7 25. Re1 Kf8 26. Kg1 Nc4 1/2-1/2

[Event "XXIX Miedzynarodowy Festiwal Szachowy CRACOVIA-2018 Grupa A"]
[Site "Krakow, Hotel Galaxy, ul. Gesia 22a"]
[Date "2019.01.04"]
[Round "9.55"]
[White "Mahitosh, Dey"]
[Black "Rudzinska, Michalina"]
[Result "1-0"]
[Annotator "Leszek"]
[PlyCount "91"]
[EventDate "2019.??.??"]

{[BlackTitle "WFM"] [WhiteElo "1931"] [BlackElo "2141"]} 1. e4 c5 2. Nf3 e6 3.
d4 cxd4 4. Nxd4 a6 5. Nc3 b5 6. Bd3 Qb6 7. Nb3 Qc7 8. Qe2 d6 9. Be3 Nd7 10. a4
b4 11. Na2 a5 12. c3 Nc5 13. Nxc5 dxc5 14. Bb5+ Bd7 15. O-O-O Nf6 16. cxb4 axb4
17. Rd2 Be7 18. Rhd1 Bc6 19. Nxb4 cxb4 20. Rc2 O-O 21. Rxc6 Qe5 22. f3 Rac8 23.
Kb1 Qxh2 24. Rxc8 Rxc8 25. a5 b3 26. a6 Qe5 27. a7 Ne8 28. Rc1 Nc7 29. Bb6 Bd8
30. Qd3 f5 31. Bxc7 Bxc7 32. Qd7 Rf8 33. Rxc7 Qg3 34. Qxg7+ Qxg7 35. Rxg7+ Kxg7
36. Bc6 f4 37. a8=Q Rxa8 38. Bxa8 Kf6 39. Kc1 Ke5 40. Bc6 Kd4 41. Kd2 Kc4 42.
Bd7 e5 43. Be6+ Kb4 44. Kd3 h5 45. Bf7 h4 46. Be6 1-0

[Event "XXIX Miedzynarodowy Festiwal Szachowy CRACOVIA-2018 Grupa A"]
[Site "Krakow, Hotel Galaxy, ul. Gesia 22a"]
[Date "2019.01.04"]
[Round "9.58"]
[White "Wikar, Martyna"]
[Black "Parol, Pola"]
[Result "1/2-1/2"]
[WhiteElo "2016"]
[BlackElo "2114"]
[PlyCount "59"]
[EventDate "2019.??.??"]

1. e4 c5 2. Nf3 d6 3. d4 cxd4 4. Nxd4 Nf6 5. Nc3 a6 6. f3 e5 7. Nb3 Be6 8. Be3
Be7 9. Qd2 O-O 10. O-O-O Nbd7 11. g4 b5 12. h4 b4 13. Na4 Qc7 14. Qxb4 Rfc8 15.
Nc3 a5 16. Qa4 Nb6 17. Qb5 Nfd7 18. Nxa5 Bxa2 19. Rh2 Be6 20. g5 Rab8 21. Qe2
Na4 22. Nxa4 Qxa5 23. Qa6 Qb4 24. Bd2 Qd4 25. Bf4 Qb4 26. Bd2 Qb3 27. Bc3 Qa2
28. Bb5 Ra8 29. Qb7 Rab8 30. Qa6 1/2-1/2

[Event "XXIX Miedzynarodowy Festiwal Szachowy CRACOVIA-2018 Grupa A"]
[Site "Krakow, Hotel Galaxy, ul. Gesia 22a"]
[Date "2019.01.04"]
[Round "9.61"]
[White "Kaczmarska, Joanna"]
[Black "Golenia, Jan"]
[Result "1-0"]
[WhiteElo "1980"]
[BlackElo "2059"]
[PlyCount "63"]
[EventDate "2019.??.??"]

1. d4 Nf6 2. c4 c5 3. d5 b5 4. cxb5 a6 5. b6 g6 6. Qb3 Bb7 7. Nc3 d6 8. a4 a5
9. e4 Nbd7 10. Bb5 Bg7 11. Bc6 Bxc6 12. dxc6 Nxb6 13. Nd5 Nbxd5 14. exd5 Rb8
15. Qd3 Rb4 16. Ne2 Qb6 17. O-O Ng4 18. Bd2 Ne5 19. Qh3 Rxb2 20. Bc3 Rb3 21. f4
O-O 22. fxe5 Bxe5 23. Bxa5 Bxh2+ 24. Qxh2 Qxa5 25. Qf4 Qa6 26. Qe4 Rb4 27. Qxe7
Qd3 28. Rad1 Qc2 29. c7 Re4 30. Qxf8+ Kxf8 31. c8=Q+ Kg7 32. Rxf7+ 1-0

[Event "XXIX Miedzynarodowy Festiwal Szachowy CRACOVIA-2018 Grupa A"]
[Site "Krakow, Hotel Galaxy, ul. Gesia 22a"]
[Date "2019.01.04"]
[Round "9.66"]
[White "Rosol, Alexander"]
[Black "Gokhale, Anupama"]
[Result "0-1"]
[Annotator "Leszek"]
[PlyCount "68"]
[EventDate "2019.??.??"]

{[BlackTitle "WIM"] [WhiteElo "1972"] [BlackElo "2009"]} 1. e4 c6 2. d3 d5 3.
Nd2 e5 4. Ngf3 Bd6 5. Be2 Nf6 6. O-O O-O 7. Re1 Nbd7 8. c3 Re8 9. Qc2 Nf8 10.
Nf1 Ng6 11. Ne3 Nf4 12. Bf1 h6 13. h3 Nh7 14. Kh2 Qf6 15. Ng4 Bxg4 16. hxg4
dxe4 17. dxe4 Qg6 18. Bxf4 exf4 19. Bd3 Be5 20. Nxe5 Rxe5 21. Be2 Nf6 22. f3 h5
23. Qc1 Qg5 24. g3 fxg3+ 25. Kxg3 Qxc1 26. Raxc1 hxg4 27. Rcd1 Rae8 28. Bd3
gxf3 29. Kxf3 g6 30. Bc2 Kg7 31. a4 R8e7 32. b4 Nh7 33. Rg1 Ng5+ 34. Kf4 Nh3+
0-1

[Event "XXIX Miedzynarodowy Festiwal Szachowy CRACOVIA-2018 Grupa A"]
[Site "Krakow, Hotel Galaxy, ul. Gesia 22a"]
[Date "2019.??.04"]
[Round "9.26"]
[White "Milikow, Yoav"]
[Black "Roshka, Yevgeniy"]
[Result "1/2-1/2"]
[WhiteElo "2130"]
[BlackElo "2293"]
[PlyCount "168"]
[EventDate "2019.??.??"]

1. d4 d6 2. Nf3 g6 3. c4 Bg7 4. Nc3 Bg4 5. e3 Nf6 6. Be2 O-O 7. h3 Bf5 8. O-O
c6 9. Bd3 Bxd3 10. Qxd3 d5 11. Bd2 Nbd7 12. cxd5 cxd5 13. Rac1 e6 14. Rc2 Re8
15. Nb5 Ne4 16. Rfc1 b6 17. Qe2 Rb8 18. Nxa7 Ra8 19. Nc6 Qf6 20. Bb4 Rxa2 21.
Ba3 Bf8 22. Qa6 Bxa3 23. bxa3 Rxc2 24. Rxc2 Qf5 25. Qa7 Nef6 26. Rc1 Kg7 27.
Qb7 Rf8 28. a4 h6 29. Nce5 Nxe5 30. dxe5 Ne4 31. Qxb6 g5 32. a5 h5 33. Qb2 g4
34. hxg4 hxg4 35. Nh4 Qg5 36. g3 Rh8 37. Kg2 Ra8 38. Ra1 Ra6 39. Ra2 Qd8 40.
Qe2 Rxa5 41. Qxg4+ Kf8 42. Rc2 Qg5 43. Rc8+ Kg7 44. Qh3 Qh6 45. Qg4+ Qg5 46.
Qh3 Qh6 47. Nf5+ exf5 48. Rg8+ Kxg8 49. Qxh6 Ra2 50. e6 Rxf2+ 51. Kg1 fxe6 52.
Qxe6+ Kg7 53. Qxd5 Rf3 54. g4 Rg3+ 55. Kh2 Rxg4 56. Qxf5 Nf6 57. Kh3 Kf7 58.
Qb5 Kg6 59. Qb7 Kf5 60. Qc8+ Ke5 61. Qf8 Re4 62. Kg2 Nd5 63. Qe8+ Kf5 64. Qf7+
Ke5 65. Qe8+ Kf5 66. Qh5+ Ke6 67. Qh6+ Ke5 68. Qh8+ Ke6 69. Qc8+ Ke5 70. Qb8+
Ke6 71. Qh8 Rxe3 72. Kf2 Kd6 73. Qd8+ Kc5 74. Qa5+ Kd4 75. Qd2+ Ke5 76. Qb2+
Ke4 77. Qb1+ Ke5 78. Qa1+ Ke4 79. Qh1+ Ke5 80. Qh7 Kd4 81. Qa7+ Ke4 82. Qh7+
Kd4 83. Qa7+ Ke4 84. Qxe3+ Nxe3 1/2-1/2

[Event "XXIX Miedzynarodowy Festiwal Szachowy CRACOVIA-2018 Grupa A"]
[Site "Krakow, Hotel Galaxy, ul. Gesia 22a"]
[Date "2019.??.04"]
[Round "9.28"]
[White "Miroshnichenko, Pavel"]
[Black "Wojciechowski, Piotr"]
[Result "1-0"]
[WhiteElo "2275"]
[BlackElo "2210"]
[PlyCount "127"]
[EventDate "2019.??.??"]

1. e4 c5 2. Nf3 e6 3. d4 cxd4 4. Nxd4 Nc6 5. Nc3 Qc7 6. Be2 a6 7. O-O Nf6 8.
Kh1 Nxd4 9. Qxd4 Bc5 10. Qd3 O-O 11. Bg5 d6 12. Rad1 Bb4 13. Bxf6 gxf6 14. Qg3+
Kh8 15. Qh4 Bxc3 16. Rd3 f5 17. Rxc3 Qd8 18. Qxd8 Rxd8 19. exf5 e5 20. g4 Bd7
21. Bf3 Rac8 22. Bxb7 Rxc3 23. bxc3 Bb5 24. Re1 f6 25. Bd5 Rc8 26. Re3 Rc5 27.
Bb3 d5 28. Kg2 Kg7 29. f3 a5 30. a4 Bc4 31. Kg3 Rc6 32. h4 Kf7 33. Rd3 Ke7 34.
Bxc4 Rxc4 35. Rxd5 Rxa4 36. g5 Ra1 37. f4 Rg1+ 38. Kf2 Rg4 39. fxe5 fxg5 40.
hxg5 Rf4+ 41. Kg3 Rxf5 42. Kg4 Rf2 43. Rxa5 Ke6 44. Ra7 Rh2 45. Rc7 Kxe5 46.
Re7+ Kd6 47. Re3 Rxc2 48. Rh3 Rg2+ 49. Kf4 Rf2+ 50. Rf3 Rh2 51. Ke4 Ke7 52. Kf5
Kf7 53. Rf4 Kg7 54. c4 Re2 55. Rd4 Rf2+ 56. Ke6 Re2+ 57. Kd5 Rg2 58. c5 Rxg5+
59. Kd6 h5 60. c6 Kh6 61. c7 Rg8 62. Kc6 Rg1 63. Rd5 Rg8 64. Kb7 1-0

[Event "XXIX Miedzynarodowy Festiwal Szachowy CRACOVIA-2018 Grupa A"]
[Site "Krakow, Hotel Galaxy, ul. Gesia 22a"]
[Date "2019.??.04"]
[Round "9.29"]
[White "Razumovskiy, Mikhail"]
[Black "Marczuk, Dominik"]
[Result "0-1"]
[WhiteElo "1974"]
[BlackElo "2274"]
[PlyCount "79"]
[EventDate "2019.??.??"]

1. d4 Nf6 2. c4 g6 3. f3 c5 4. d5 b5 5. e4 d6 6. cxb5 a6 7. Bd2 Bg7 8. Bc3 O-O
9. bxa6 e6 10. Na3 exd5 11. exd5 Re8+ 12. Kf2 Nxa6 13. Bb5 Bd7 14. Bc4 Nb4 15.
Nb5 Bf5 16. Rc1 Nxa2 17. Bxa2 Rxa2 18. Na3 Qa8 19. Qb3 Qxd5 20. Qxd5 Nxd5 21.
Bxg7 Kxg7 22. Nc4 Re6 23. Rd1 Nb4 24. Nh3 Bd3 25. Nb6 Rxb2+ 26. Kg3 Be2 27. Rb1
Rxb1 28. Rxb1 Ba6 29. Ng5 Re3 30. Rd1 d5 31. Ra1 h6 32. Nh3 d4 33. Nf2 f5 34.
Rc1 Rc3 35. Re1 Re3 36. Ra1 d3 37. Nd5 Nxd5 38. Rxa6 c4 39. Rd6 Nc3 40. Rd4 0-1

[Event "XXIX Miedzynarodowy Festiwal Szachowy CRACOVIA-2018 Grupa A"]
[Site "Krakow, Hotel Galaxy, ul. Gesia 22a"]
[Date "2019.??.04"]
[Round "9.30"]
[White "Pasti, Aron"]
[Black "Szpar, Milosz"]
[Result "0-1"]
[WhiteElo "2196"]
[BlackElo "2339"]
[PlyCount "81"]
[EventDate "2019.??.??"]

1. e4 c5 2. Nf3 Nc6 3. Nc3 e5 4. Bc4 g6 5. d3 h6 6. O-O Bg7 7. Be3 d6 8. Qd2
Nge7 9. Ne1 Be6 10. f4 exf4 11. Bxf4 g5 12. Bxe6 fxe6 13. Bg3 Ng6 14. Nb5 Nge5
15. c3 a6 16. Na3 Qe7 17. Nec2 O-O-O 18. d4 Ng6 19. Nc4 Nf4 20. Bxf4 gxf4 21.
dxc5 dxc5 22. Qxf4 b5 23. Nd2 Qg5 24. Qxg5 hxg5 25. Rad1 g4 26. Nb3 Rh5 27.
Rxd8+ Kxd8 28. Ne3 Rg5 29. Rf7 Ne5 30. Ra7 Nd3 31. Rxa6 Nxb2 32. Rxe6 Bxc3 33.
Nd5 Be5 34. Na5 Bd4+ 35. Kf1 Nc4 36. Nxc4 bxc4 37. Rd6+ Ke8 38. Ke2 Rg7 39. Ra6
Rb7 40. Nb6 c3 41. a4 {zapis nieczytelny} 0-1

[Event "XXIX Miedzynarodowy Festiwal Szachowy CRACOVIA-2018 Grupa A"]
[Site "Krakow, Hotel Galaxy, ul. Gesia 22a"]
[Date "2019.??.04"]
[Round "9.31"]
[White "Antolak, Julia"]
[Black "Vojtek, Vladimir"]
[Result "1-0"]
[WhiteElo "2183"]
[BlackElo "2313"]
[PlyCount "123"]
[EventDate "2019.??.??"]

1. e4 e6 2. d4 d5 3. Nd2 c5 4. exd5 exd5 5. Bb5+ Bd7 6. Bxd7+ Nxd7 7. Ngf3 Ngf6
8. O-O Be7 9. dxc5 Nxc5 10. Nb3 Nce4 11. Be3 O-O 12. h3 Re8 13. Re1 Qc7 14. c3
a5 15. Nbd4 a4 16. a3 Bf8 17. Qc2 h6 18. Rad1 Qd7 19. Ne2 Bd6 20. Rd3 Qf5 21.
Ned4 Qd7 22. Ne2 Ra6 23. Red1 Qf5 24. Ned4 Qh5 25. Nb5 Bb8 26. Rd4 g5 27. Rxa4
g4 28. hxg4 Nxg4 29. Rxa6 Bh2+ 30. Kf1 Ng3+ 31. Ke1 bxa6 32. Nbd4 Nxe3 33. fxe3
Ne4 34. Qa4 Rb8 35. Qc2 Bd6 36. Ke2 Qg6 37. Rg1 Bg3 38. Rf1 Kh8 39. b3 Rc8 40.
c4 dxc4 41. bxc4 Bd6 42. Kd1 Bxa3 43. Nd2 Qg4+ 44. Rf3 Nxd2 45. Qxd2 Rxc4 46.
Ne2 Qh4 47. Qd5 Bb2 48. Rxf7 Rc8 49. Nf4 Rc1+ 50. Ke2 Qg4+ 51. Kf2 Rc2+ 52. Kg1
Rc1+ 53. Kh2 Qh4+ 54. Nh3 Bg7 55. Qe6 Qd8 56. Rd7 Qg8 57. Qd6 Rc8 58. Nf4 Qe8
59. Re7 Qd8 60. Qe6 Kh7 61. Qf5+ Kg8 62. Qf7+ 1-0

[Event "XXIX Miedzynarodowy Festiwal Szachowy CRACOVIA-2018 Grupa A"]
[Site "Krakow, Hotel Galaxy, ul. Gesia 22a"]
[Date "2019.??.04"]
[Round "9.32"]
[White "Kyc, Jerzy"]
[Black "Kumala, Aleksander"]
[Result "1/2-1/2"]
[WhiteElo "2280"]
[BlackElo "2198"]
[PlyCount "86"]
[EventDate "2019.??.??"]

1. e4 c5 2. Nf3 e6 3. d4 cxd4 4. Nxd4 Nc6 5. Nb5 d6 6. c4 Nf6 7. N1c3 a6 8. Na3
Be7 9. Be2 O-O 10. O-O b6 11. Be3 Bb7 12. f4 d5 13. cxd5 exd5 14. exd5 Nb4 15.
Nc4 Nbxd5 16. Nxd5 Nxd5 17. Bd4 Rc8 18. Qb3 Bc5 19. Rad1 Qe7 20. Bxc5 Qxc5+ 21.
Kh1 Rfe8 22. Ne5 f6 23. Nd7 Qc6 24. Bf3 Qxd7 25. Bxd5+ Bxd5 26. Rxd5 Qf7 27.
Rfd1 Rc5 28. h3 Rxd5 29. Rxd5 b5 30. Kh2 Qe6 31. a4 bxa4 32. Qxa4 Qe4 33. Rd4
Qe3 34. Qc4+ Qe6 35. Qc7 Qc8 36. Qa7 Qb8 37. Qxa6 Qxb2 38. Rd7 Qb4 39. Qa2+ Kh8
40. Qf2 Qe4 41. Qg3 Re7 42. Qf3 h6 43. Rxe7 Qxe7 1/2-1/2

[Event "XXIX Miedzynarodowy Festiwal Szachowy CRACOVIA-2018 Grupa A"]
[Site "Krakow, Hotel Galaxy, ul. Gesia 22a"]
[Date "2019.??.04"]
[Round "9.35"]
[White "Gombocz, Ferenc Jr"]
[Black "Brozyna, Mateusz"]
[Result "1/2-1/2"]
[WhiteElo "2263"]
[BlackElo "2173"]
[PlyCount "81"]
[EventDate "2019.??.??"]

1. c4 e5 2. g3 Nf6 3. Bg2 c6 4. e4 d5 5. exd5 cxd5 6. Ne2 Nc6 7. O-O Be7 8. d3
O-O 9. Nbc3 Be6 10. b3 d4 11. Ne4 Nxe4 12. Bxe4 f5 13. Bg2 Bf6 14. Rb1 a5 15.
a3 g5 16. f4 exf4 17. gxf4 g4 18. Ng3 Qd7 19. b4 axb4 20. axb4 Bf7 21. b5 Ne7
22. Bd2 h5 23. Ra1 h4 24. Ne2 Rxa1 25. Qxa1 h3 26. Bh1 Bxc4 27. dxc4 d3 28. Nc3
Qd4+ 29. Rf2 Bh4 30. Qe1 Ra8 31. Be3 Qxc4 32. Qc1 Bxf2+ 33. Kxf2 Rc8 34. Bd2
Qd4+ 35. Kf1 b6 36. Qe1 Kf7 37. Qf2 Qb4 38. Qe1 Qd4 39. Qf2 Qb4 40. Qe1 Qd4 41.
Qf2 1/2-1/2

[Event "XXIX Miedzynarodowy Festiwal Szachowy CRACOVIA-2018 Grupa A"]
[Site "Krakow, Hotel Galaxy, ul. Gesia 22a"]
[Date "2019.??.04"]
[Round "9.38"]
[White "Leiter, Thomas"]
[Black "Chmiel, Marcin"]
[Result "1/2-1/2"]
[WhiteElo "2151"]
[BlackElo "2247"]
[PlyCount "156"]
[EventDate "2019.??.??"]

1. d4 Nf6 2. c4 c5 3. d5 e6 4. Nc3 exd5 5. cxd5 d6 6. e4 g6 7. f4 Bg7 8. Bb5+
Nfd7 9. Be2 O-O 10. Nf3 Re8 11. O-O Na6 12. f5 c4 13. Bxc4 Nac5 14. fxg6 hxg6
15. Ng5 Ne5 16. Be2 Bf6 17. Nf3 Nxf3+ 18. Bxf3 b5 19. a3 a5 20. Qc2 Ba6 21. b4
Na4 22. Nxa4 bxa4 23. Bd2 axb4 24. Bxb4 Qb6+ 25. Kh1 Rec8 26. Qd2 Bxf1 27. Rxf1
Be5 28. Qg5 Qb5 29. Rd1 Rc2 30. h4 Rf2 31. Rg1 Kg7 32. Bxd6 Bxd6 33. e5 Qd7 34.
Qf6+ Kh7 35. exd6 Ra6 36. h5 Qf5 37. hxg6+ Qxg6 38. Qh4+ Qh6 39. Qxh6+ Kxh6 40.
Rc1 Rxd6 41. Rc4 Ra6 42. Rd4 Rb2 43. d6 Rb8 44. d7 Rd8 45. Bb7 Ra5 46. Bc6 Rc5
47. Bxa4 Kg7 48. Re4 Rd5 49. Re8 R8xd7 50. Bxd7 Rxd7 51. Re3 Rd2 52. Kh2 Ra2
53. Kg3 Kg6 54. Kf3 f6 55. g3 Kg5 56. Rc3 f5 57. Rd3 Ra1 58. Ke3 Kg4 59. Kd4 f4
60. gxf4 Kxf4 61. Kd5 Ra2 62. Rd4+ Kf5 63. a4 Kf6 64. Kd6 Kf7 65. Re4 Kf6 66.
Rf4+ Kg5 67. Rc4 Kf6 68. Kc6 Ke7 69. Kc7 Ke6 70. Rd4 Rc2+ 71. Kb6 Rb2+ 72. Ka6
Ke7 73. a5 Rb1 74. Rh4 Kd7 75. Rh7+ Kc8 76. Rh4 Kd7 77. Rh7+ Kc8 78. Rh4 Rc1
1/2-1/2

[Event "XXIX Miedzynarodowy Festiwal Szachowy CRACOVIA-2018 Grupa A"]
[Site "Krakow, Hotel Galaxy, ul. Gesia 22a"]
[Date "2019.??.04"]
[Round "9.42"]
[White "Lukasiewicz, Krzysztof"]
[Black "Cholleti, Sahajasri"]
[Result "0-1"]
[WhiteElo "2223"]
[BlackElo "2069"]
[PlyCount "76"]
[EventDate "2019.??.??"]

1. d4 Nf6 2. Bf4 e6 3. e3 c5 4. Nf3 d5 5. c3 Nc6 6. Nbd2 cxd4 7. exd4 Nh5 8.
Be3 Bd6 9. Ne5 g6 10. Nd3 Ng7 11. Be2 Nf5 12. Bf4 f6 13. Nf3 Qc7 14. Bxd6 Qxd6
15. O-O e5 16. dxe5 fxe5 17. Nd2 e4 18. Ne1 Qe5 19. Nc2 O-O 20. Nb3 Be6 21. Qd2
Rad8 22. Rfd1 Qf6 23. Bg4 Ne5 24. Bxf5 gxf5 25. Qd4 b6 26. a4 f4 27. a5 Qg5 28.
Kh1 Rf6 29. Nd2 Rg6 30. Ne1 Rf8 31. axb6 axb6 32. c4 e3 33. f3 exd2 34. Rxd2
Nxc4 35. Re2 Ne3 36. Nd3 Rh6 37. Nxf4 Nf5 38. Re5 Qh4 0-1

[Event "XXIX Miedzynarodowy Festiwal Szachowy CRACOVIA-2018 Grupa A"]
[Site "Krakow, Hotel Galaxy, ul. Gesia 22a"]
[Date "2019.??.04"]
[Round "9.54"]
[White "Patil, Mitali"]
[Black "Praczukowski, Stanislaw"]
[Result "0-1"]
[WhiteElo "2081"]
[BlackElo "2155"]
[PlyCount "120"]
[EventDate "2019.??.??"]

1. d4 Nf6 2. Nf3 d5 3. e3 e6 4. Bd3 c5 5. b3 Nc6 6. Bb2 Bd6 7. a3 O-O 8. Nbd2
b6 9. Ne5 Bb7 10. O-O Rc8 11. Qf3 Ne7 12. Qh3 Ne4 13. f3 Ng5 14. Qg4 f6 15. h4
fxe5 16. dxe5 Bb8 17. hxg5 Qd7 18. Rad1 Nf5 19. Rfe1 d4 20. exd4 cxd4 21. Nf1
Rc5 22. b4 Rxe5 23. Bxf5 Rexf5 24. Bxd4 Qe7 25. Bf6 Qf7 26. Bd8 Bd5 27. g6 hxg6
28. Bg5 Qc7 29. Rd2 b5 30. Bh4 Rf4 31. Bg3 Qb6+ 32. Bf2 Rxg4 33. Bxb6 Rxf3 34.
Ne3 Rgg3 35. Nxd5 exd5 36. Rxd5 axb6 37. Rd8+ Rf8 38. Ree8 Bd6 39. Rxf8+ Bxf8
40. Rb8 Rxa3 41. Rxb6 Bxb4 42. Rxb5 Be7 43. Re5 Bf6 44. Re2 Kf7 45. Kh2 g5 46.
g3 Rc3 47. Kh3 Kg6 48. Kg4 Rc4+ 49. Kf3 Kf5 50. Rd2 Rc3+ 51. Kf2 Kg4 52. Re2
Rf3+ 53. Kg2 Rxg3+ 54. Kh2 Rh3+ 55. Kg2 Rc3 56. Re4+ Kf5 57. Re2 Be5 58. Kf2
Rh3 59. Kg1 g4 60. Rd2 Bf4 0-1

[Event "XXIX Miedzynarodowy Festiwal Szachowy CRACOVIA-2018 Grupa A"]
[Site "Krakow, Hotel Galaxy, ul. Gesia 22a"]
[Date "2019.??.04"]
[Round "9.56"]
[White "Martynyuk, Elizaveta"]
[Black "Radovic, Stefan"]
[Result "0-1"]
[WhiteElo "2128"]
[BlackElo "2019"]
[PlyCount "58"]
[EventDate "2019.??.??"]

1. e4 e6 2. d4 d5 3. Nc3 dxe4 4. Nxe4 Nd7 5. Nf3 Ngf6 6. Bg5 Be7 7. Nxf6+ Nxf6
8. Bd3 c5 9. dxc5 Qa5+ 10. c3 Qxc5 11. O-O O-O 12. Re1 b6 13. Qc2 h6 14. Be3
Qc7 15. Bd4 Bb7 16. Re3 Ng4 17. Rxe6 fxe6 18. Bh7+ Kh8 19. Qg6 Bf6 20. Qxg4
Bxf3 21. gxf3 Kxh7 22. Qe4+ Kh8 23. Be3 Bg5 24. Bxg5 hxg5 25. Qxe6 Qf4 26. Re1
Qxf3 27. Re2 Rf4 28. h3 g4 29. h4 Rd8 0-1